000 00717 a2200229 4500
010 _aENG-88743
020 _c295.00
_a8120333178
035 _aEN-72276
037 _bDBAD / PUB
082 1 4 _a670
090 _c9285
_d9285
100 1 _aChitale, A. K.
245 1 _aProduct design and manufacturing/
_c by A. K. Chitale [and] R.C. Gupta
250 _a4th ed.
260 _aNew Delhi
_bPrentice-Hall of India
_c2007
270 _aM-97, Connaught Circus
_bNew Delhi
_e110 001
300 _axi, 474 p.
_c24 cm. (Pbk)
500 _aIncludes index
700 1 _aGupta, R. C.
942 _adpl
_cEN
_k670 / CHI
999 _c9118
_d9118